[Event "Senioren Europa Meister"]
[Site "Saint-Vincent"]
[Date "2001.09.17"]
[Round "3"]
[White "Glur, E."]
[Black "Carboni, G."]
[Result "1-0"]
[WhiteElo "1940"]
[BlackElo "1504"]
[PlyCount "95"]

1. e4 d6 2. d4 Nf6 3. Bd3 g6 4. Ne2 Bg7 5. h3 c5 6. c3 O-O 7. O-O Nc6 8. Nd2
cxd4 9. cxd4 Qb6 10. Nc4 Qd8 11. d5 Nb4 12. Bb1 Nd7 13. Nd4 Nb6 14. Ne3 Bd7 15.
Kh1 Rc8 16. a3 Na6 17. f4 Nc4 18. Ba2 Nxe3 19. Bxe3 Nc5 20. Qf3 Nd3 21. Rab1 a5
22. Qg3 Nc5 23. e5 dxe5 24. fxe5 e6 25. dxe6 Nxe6 26. Rbd1 Qe8 27. Rd2 Nxd4 28.
Bxd4 Be6 29. Bb1 b5 30. Qe3 Qc6 31. Be4 Qa6 32. Bc5 Rfe8 33. Bd6 Rc4 34. Qd3
Rcc8 35. Bd5 Bxd5 36. Qxd5 Re6 37. Rdf2 Qc6 38. Qb3 Qc4 39. Qg3 Qd4 40. Rxf7
Bxe5 41. Bxe5 Qxe5 42. Qf3 Ree8 43. Qf2 b4 44. axb4 axb4 45. Qh4 Qh8 46. Qxb4
Rb8 47. Qc4 Rec8 48. Rc7# 1-0

[Event "Senioren Europa Meister"]
[Site "Saint-Vincent"]
[Date "2001.09.17"]
[Round "3"]
[White "Dotan, V."]
[Black "Nussberger, P."]
[Result "1/2-1/2"]
[WhiteElo "2031"]
[BlackElo "1707"]
[PlyCount "137"]

1. d4 Nf6 2. c4 e6 3. g3 d5 4. Bg2 c6 5. Nf3 Be7 6. O-O O-O 7. Qc2 Re8 8. Rd1
b6 9. cxd5 cxd5 10. Nc3 Bb7 11. Bf4 Nc6 12. Rac1 Rc8 13. Qb1 Bd6 14. Ne5 Nh5
15. Nxc6 Bxc6 16. Bxd6 Qxd6 17. Qd3 f5 18. Rc2 Nf6 19. f3 Qd7 20. Rdc1 Qb7 21.
Qd2 Qd7 22. e3 Bb7 23. Bf1 Kf7 24. Bd3 Red8 25. Qe2 Kg8 26. Kf2 Kf7 27. h4 Kg8
28. Rh1 Bc6 29. Rcc1 Qf7 30. Bc2 Qd7 31. Rcd1 Qf7 32. Kg2 Qd7 33. Rd2 Qf7 34.
Bb3 Qg6 35. Kf2 Qe8 36. Qd3 Kh8 37. Bc2 Qf7 38. Ne2 Qd7 39. Nf4 Bb5 40. Qa3 Rc7
41. Bd3 Bxd3 42. Nxd3 Rdc8 43. Qb3 Kg8 44. Re1 Qd6 45. Ree2 Nh5 46. Ne5 Nf6 47.
Rc2 Nd7 48. Nd3 Nf6 49. Nf4 Kf7 50. Red2 Rc6 51. Nd3 Kg8 52. Ne5 R6c7 53. Qa4
Kf8 54. Rxc7 Qxc7 55. Qa3+ Ke8 56. Qb4 Nd7 57. Qa4 Ke7 58. Qb4+ Ke8 59. Nd3 Nf6
60. Qa4+ Kf7 61. Qb3 Nh5 62. Ne5+ Kf8 63. Kg2 Nf6 64. Rf2 Kg8 65. Qd3 Nd7 66.
Nxd7 Qxd7 67. Rc2 Rxc2+ 68. Qxc2 Kf7 69. Qc3 1/2-1/2

[Event "Senioren Europa Meister"]
[Site "Saint-Vincent"]
[Date "2001.09.17"]
[Round "3"]
[White "Entcho, D."]
[Black "Dinser, H."]
[Result "1/2-1/2"]
[WhiteElo "2275"]
[BlackElo "1864"]
[PlyCount "84"]

1. d4 d5 2. Nf3 Nf6 3. Bg5 Bf5 4. Nbd2 c6 5. e3 Nbd7 6. c3 e6 7. Nh4 Bg6 8.
Nxg6 hxg6 9. Bd3 Bd6 10. h3 Qc7 11. Qc2 e5 12. Bxf6 Nxf6 13. dxe5 Bxe5 14.
O-O-O O-O-O 15. Kb1 Kb8 16. Nf3 Rd7 17. Rhe1 Rhd8 18. a3 Ne8 19. e4 dxe4 20.
Rxe4 Bf6 21. Ree1 Nd6 22. Bf1 a6 23. Qb3 Ka7 24. Bd3 Qb6 25. Qxb6+ Kxb6 26. Kc2
c5 27. g4 g5 28. Nd2 Kc7 29. f3 b5 30. Be4 c4 31. Nf1 Nxe4 32. Rxd7+ Rxd7 33.
Rxe4 Rd3 34. Re3 Rxe3 35. Nxe3 Kd6 36. Kd2 Ke5 37. Ke2 g6 38. Nc2 Be7 39. Nd4
Kd5 40. f4 gxf4 41. Kf3 g5 42. Nc2 Bd6 1/2-1/2

[Event "Senioren Europa Meister"]
[Site "Saint-Vincent"]
[Date "2001.09.17"]
[Round "3"]
[White "Zvorykina, K."]
[Black "Cane, L."]
[Result "1/2-1/2"]
[WhiteElo "2109"]
[BlackElo "1746"]
[PlyCount "102"]

1. e4 g6 2. d4 Bg7 3. Nc3 c6 4. Be3 d5 5. e5 h5 6. Qd2 Nh6 7. O-O-O Nf5 8. Bg5
h4 9. h3 Rh5 10. Nf3 Be6 11. Be2 Nd7 12. Bf4 f6 13. Kb1 Bf7 14. Rhe1 Rh8 15.
Bd3 e6 16. exf6 Bxf6 17. Bxf5 gxf5 18. Ng5 Qe7 19. Qe3 Nf8 20. Nxf7 Qxf7 21.
Ne2 Kd7 22. Bh2 Ng6 23. Nf4 Nf8 24. Nd3 b6 25. Qf4 Kc8 26. Re2 Kb7 27. Rde1 Rd8
28. c3 Rh7 29. Qf3 Qd7 30. Be5 Bg5 31. Nf4 a5 32. Nd3 Re8 33. Bf4 Bf6 34. Bh2
Ng6 35. Nf4 Nf8 36. g4 hxg3 37. fxg3 Bg5 38. g4 fxg4 39. hxg4 Qf7 40. Rf1 Bxf4
41. Qxf4 Qg6+ 42. Kc1 Rg7 43. Rg1 Nh7 44. Qd6 Ng5 45. Be5 Rge7 46. Bf4 Nh3 47.
Rg3 Nxf4 48. Qxf4 Rf7 49. Qe5 Rf1+ 50. Re1 Rf2 51. Re2 Rf1+ 1/2-1/2

[Event "Senioren Europa Meister"]
[Site "Saint-Vincent"]
[Date "2001.09.17"]
[Round "3"]
[White "Chehlov, A."]
[Black "Frantzke, H."]
[Result "1-0"]
[WhiteElo "2267"]
[BlackElo "1831"]
[PlyCount "77"]

1. e4 g6 2. d4 c6 3. Nc3 d5 4. h3 Bg7 5. Nf3 dxe4 6. Nxe4 Nd7 7. Bc4 Ndf6 8.
Nxf6+ Nxf6 9. O-O O-O 10. Re1 Nd5 11. Qe2 e6 12. a4 a6 13. a5 b5 14. axb6 Qxb6
15. c3 a5 16. Ne5 c5 17. Bxd5 exd5 18. dxc5 Qxc5 19. Be3 Qd6 20. Bd4 Be6 21.
Nf3 Rfe8 22. Bxg7 Kxg7 23. Qd2 h6 24. Ra4 Qd7 25. Rh4 Rh8 26. Qd4+ f6 27. Rf4
Rhf8 28. Qd2 g5 29. Nd4 Rae8 30. Rf3 a4 31. Qc2 Rf7 32. Rfe3 Rfe7 33. Qe2 Kf7
34. Qh5+ Kg7 35. Qe2 Kf7 36. Kh1 g4 37. Nxe6 Rxe6 38. Qxg4 Qc6 39. Qh5+ 1-0

[Event "Senioren Europa Meister"]
[Site "Saint-Vincent"]
[Date "2001.09.18"]
[Round "4"]
[White "Ljuboschitz, A."]
[Black "Neri, A."]
[Result "1-0"]
[WhiteElo "2200"]
[BlackElo "2006"]
[PlyCount "65"]

1. e4 e6 2. d4 d5 3. Nc3 Nf6 4. Bg5 Be7 5. e5 Nfd7 6. Bxe7 Qxe7 7. f4 a6 8. Nf3
c5 9. dxc5 Qxc5 10. Qd2 Nc6 11. Bd3 Ne7 12. Ne2 b5 13. c3 Bb7 14. Ned4 Nf8 15.
O-O Nfg6 16. Kh1 O-O 17. g4 Nc6 18. Rae1 Rae8 19. a3 Qb6 20. Nxc6 Bxc6 21. Nd4
Bb7 22. Qe3 Qd8 23. Qg3 Qb8 24. g5 Kh8 25. Re3 Bc8 26. Bxg6 fxg6 27. Qh4 Rf7
28. Rh3 h6 29. gxh6 Kg8 30. Rg1 Qc7 31. Rxg6 Qe7 32. Qh5 Ref8 33. hxg7 1-0

[Event "Senioren Europa Meister"]
[Site "Saint-Vincent"]
[Date "2001.09.18"]
[Round "4"]
[White "Perman, T."]
[Black "Gruzmann, B."]
[Result "0-1"]
[WhiteElo "2130"]
[BlackElo "2308"]
[PlyCount "84"]

1. c4 g6 2. Nc3 Bg7 3. g3 e5 4. Bg2 Nc6 5. e3 d6 6. Nge2 Nge7 7. d3 O-O 8. O-O
Be6 9. Nd5 Qd7 10. Nec3 Nd8 11. Nxe7+ Qxe7 12. b3 f5 13. Bb2 c6 14. Ne2 g5 15.
f4 Nf7 16. Qd2 Rfe8 17. Rae1 a5 18. e4 fxe4 19. Bxe4 a4 20. f5 Bd7 21. g4 axb3
22. axb3 Ra2 23. Kh1 Rea8 24. Nc3 R2a6 25. Qf2 Bf6 26. Bg2 Qd8 27. Ne4 Ra2 28.
Ra1 Be7 29. Rxa2 Rxa2 30. f6 Bf8 31. h3 h6 32. Nc3 Ra6 33. Qe3 Be6 34. Qe4 Kh8
35. d4 d5 36. cxd5 cxd5 37. Nxd5 Ra2 38. Bc3 Rxg2 39. Ne3 Re2 40. d5 Bxd5 41.
Qxd5 Rxe3 42. Qxf7 Rxc3 0-1

[Event "Senioren Europa Meister"]
[Site "Saint-Vincent"]
[Date "2001.09.18"]
[Round "4"]
[White "Hocevar, N."]
[Black "Arkhangelsky, B."]
[Result "0-1"]
[WhiteElo "2169"]
[BlackElo "2416"]
[PlyCount "92"]

1. c4 e5 2. Nc3 Nf6 3. g3 d5 4. cxd5 Nxd5 5. Bg2 Nb6 6. Nf3 Nc6 7. O-O Be7 8.
a3 O-O 9. b4 Be6 10. b5 Nd4 11. Rb1 f6 12. e3 Nxf3+ 13. Qxf3 Rb8 14. d4 Qd7 15.
Qd1 Rfd8 16. dxe5 Qxd1 17. Rxd1 Rxd1+ 18. Nxd1 Rd8 19. Bb2 fxe5 20. Bxe5 Nc4
21. Bd4 Nxa3 22. Rb2 a6 23. bxa6 bxa6 24. Bc6 Nb5 25. Nc3 Nxd4 26. exd4 Rxd4
27. Rb8+ Rd8 28. Rxd8+ Bxd8 29. f4 Bf6 30. Nd5 Bd8 31. Kf2 a5 32. Nc3 Bf6 33.
Ne4 Bd4+ 34. Kf3 Kf8 35. Ng5 Bb3 36. Ke4 Bb2 37. Bd5 Bc2+ 38. Ke3 a4 39. Kd2
Bb1 40. Be4 Bxe4 41. Nxe4 Bd4 42. Kc2 Ke7 43. g4 h6 44. h4 Ke6 45. h5 Kd5 46.
Ng3 Bf6 0-1

[Event "Senioren Europa Meister"]
[Site "Saint-Vincent"]
[Date "2001.09.18"]
[Round "4"]
[White "Mueller, A."]
[Black "Entcho, D."]
[Result "1-0"]
[WhiteElo "1837"]
[BlackElo "2275"]
[PlyCount "141"]

1. d4 d5 2. c4 c6 3. Nf3 Nf6 4. e3 Bg4 5. Be2 e6 6. Nbd2 Nbd7 7. O-O Bd6 8. b3
O-O 9. Bb2 h6 10. h3 Bh5 11. Ne5 Bg6 12. Nxg6 fxg6 13. Qc2 g5 14. e4 dxe4 15.
Nxe4 Nxe4 16. Qxe4 Qf6 17. Bg4 Rae8 18. Qc2 Re7 19. Rae1 Rfe8 20. Bh5 Rd8 21.
Bg4 g6 22. d5 e5 23. Bf3 c5 24. Be4 Kh7 25. Qe2 Qf7 26. Bb1 Rf8 27. Qd3 b6 28.
Re3 Qg7 29. Qe2 Ref7 30. Bc3 a5 31. a4 Rf4 32. g3 R4f7 33. Kg2 Re7 34. Re1 Rfe8
35. Qb2 Rf8 36. Rf1 h5 37. Qe2 Ref7 38. Qxh5+ Kg8 39. Qxg6 Qxg6 40. Bxg6 Rf6
41. Bh5 Rh6 42. Bg4 Nb8 43. Be6+ Rxe6 44. dxe6 Nc6 45. Rfe1 Re8 46. Bxe5 Be7
47. Bc7 Nd4 48. Rc3 Bf6 49. Bxb6 Nxe6 50. Rce3 Kf7 51. Bxc5 Rc8 52. Bb6 Rc6 53.

Bxa5 Nd4 54. Rc1 Ra6 55. Bc3 Nxb3 56. Rb1 Nc5 57. Bxf6 Kxf6 58. a5 Nd7 59. Rb5
Rc6 60. c5 Kf5 61. g4+ Kf6 62. Rb7 Nxc5 63. Rb6 Rxb6 64. axb6 Nb7 65. Kf1 Nd6
66. Ke2 Nb7 67. Kd3 Nc5+ 68. Kd4 Nb7 69. Kd5 Na5 70. Ra3 Nb7 71. Ra7 1-0

[Event "Senioren Europa Meister"]
[Site "Saint-Vincent"]
[Date "2001.09.18"]
[Round "4"]
[White "Glur, E."]
[Black "Chehlov, A."]
[Result "0-1"]
[WhiteElo "1940"]
[BlackElo "2267"]
[PlyCount "82"]

1. e4 e5 2. Nf3 Nc6 3. Bb5 a6 4. Ba4 d6 5. c3 Bd7 6. O-O Nf6 7. Re1 g6 8. d3
Bg7 9. Nbd2 O-O 10. Nf1 Qe7 11. Ng3 Rae8 12. h3 Kh8 13. Be3 Ng8 14. Qd2 f5 15.
exf5 gxf5 16. Bg5 Qf7 17. Bc2 d5 18. Qe2 f4 19. Nf1 h6 20. Bh4 Bf5 21. N1d2 Qg6
22. Kh2 Nf6 23. g4 fxg3+ 24. Bxg3 Qf7 25. Nh4 Bh7 26. Qf3 Qd7 27. Qg2 Nh5 28.
Re2 Bf6 29. Nhf3 Rg8 30. Qf1 Qg7 31. Qg1 Qd7 32. Qf1 Qf5 33. Rae1 Re7 34. Re3
Reg7 35. Ng1 Bg5 36. Rf3 Qd7 37. Qe2 Bf4 38. Bxf4 Nxf4 39. Qd1 Rg2+ 40. Kh1 Qg7
41. c4 Rh2+ 0-1

[Event "Senioren Europa Meister"]
[Site "Saint-Vincent"]
[Date "2001.09.18"]
[Round "4"]
[White "Etmans, M."]
[Black "Lapienis, D."]
[Result "1/2-1/2"]
[WhiteElo "2142"]
[BlackElo "2311"]
[PlyCount "76"]

1. e4 c5 2. Nf3 Nc6 3. Bb5 d6 4. Bxc6+ bxc6 5. O-O Bg4 6. c3 Nf6 7. d3 Nd7 8.
Bf4 e5 9. Be3 Be7 10. Nbd2 Nf8 11. Qa4 Bd7 12. Ne1 Ne6 13. g3 d5 14. Ndf3 Qc7
15. Qc2 O-O 16. d4 cxd4 17. cxd4 exd4 18. Nxd4 Bf6 19. Rd1 dxe4 20. Qxe4 Nxd4
21. Bxd4 Rfe8 22. Qc2 Bg4 23. f3 Bxd4+ 24. Rxd4 Qb6 25. Qf2 Be6 26. b3 c5 27.
Re4 c4 28. bxc4 Rec8 29. Ng2 Bxc4 30. Ra1 Bd3 31. Qxb6 axb6 32. Rb4 b5 33. Ne3
Ra3 34. Rb2 g6 35. Rd1 Rca8 36. Rbd2 Bc4 37. Nxc4 bxc4 38. Rc1 Rxa2 1/2-1/2

[Event "Senioren Europa Meister"]
[Site "Saint-Vincent"]
[Date "2001.09.18"]
[Round "4"]
[White "Tatai, S."]
[Black "Khanukov, B."]
[Result "1-0"]
[WhiteElo "2350"]
[BlackElo "2313"]
[PlyCount "89"]

1. e4 e5 2. Nf3 Nc6 3. Bb5 a6 4. Ba4 Nf6 5. O-O Be7 6. Re1 b5 7. Bb3 d6 8. c3
O-O 9. h3 Na5 10. Bc2 c5 11. d4 Qc7 12. Nbd2 Nc6 13. d5 Nd8 14. a4 Rb8 15. Nf1
Ne8 16. Ng3 g6 17. Bh6 Ng7 18. axb5 axb5 19. Nh2 f6 20. Ng4 Nf7 21. Bc1 Bd7 22.
Qf3 Ng5 23. Nh6+ Kh8 24. Qe2 Nf7 25. h4 Nxh6 26. Bxh6 Ra8 27. h5 Qb7 28. Rab1
Rf7 29. f4 Qc8 30. hxg6 hxg6 31. Rf1 Ne8 32. f5 Rh7 33. Be3 gxf5 34. exf5 Ng7
35. Kf2 Be8 36. Rh1 Bf8 37. Qg4 Ra2 38. Rxh7+ Kxh7 39. Qh4+ Kg8 40. Qxf6 Ra7
41. Rh1 Be7 42. Qh6 Qd8 43. Ne4 Kf7 44. Ng5+ Bxg5 45. Bxg5 1-0

[Event "Senioren Europa Meister"]
[Site "Saint-Vincent"]
[Date "2001.09.18"]
[Round "4"]
[White "Murey, J."]
[Black "Csom, I."]
[Result "1/2-1/2"]
[WhiteElo "2480"]
[BlackElo "2415"]
[PlyCount "26"]

1. e4 c5 2. Nf3 a6 3. c4 e6 4. Nc3 Qc7 5. d4 cxd4 6. Nxd4 Nf6 7. Nc2 b6 8. Bd3
d6 9. O-O Nbd7 10. Be2 Bb7 11. f3 Be7 12. Be3 O-O 13. Rc1 Rac8 1/2-1/2

[Event "Senioren Europa Meister"]
[Site "Saint-Vincent"]
[Date "2001.09.18"]
[Round "4"]
[White "Orev, P."]
[Black "Weinberg, E."]
[Result "1-0"]
[WhiteElo "2245"]
[BlackElo "1701"]
[PlyCount "45"]

1. e4 Nf6 2. e5 Nd5 3. d4 d6 4. f4 dxe5 5. fxe5 Nc6 6. c3 Bf5 7. Nf3 e6 8. Bd3
Bxd3 9. Qxd3 Be7 10. O-O O-O 11. Nbd2 Rc8 12. Ne4 f6 13. exf6 gxf6 14. Bh6 Rf7
15. Rae1 Bf8 16. Bxf8 Qxf8 17. Nc5 Nd8 18. Qe4 Re7 19. Nxe6 Nxe6 20. Qxd5 c6
21. Qb3 Qf7 22. Ng5 Nxg5 23. Rxe7 1-0

[Event "Senioren Europa Meister"]
[Site "Saint-Vincent"]
[Date "2001.09.18"]
[Round "4"]
[White "Vucenovic, D."]
[Black "Kraidman, Y."]
[Result "1/2-1/2"]
[WhiteElo "2275"]
[BlackElo "2322"]
[PlyCount "133"]

1. d4 Nf6 2. g3 d5 3. Bg2 c6 4. Nf3 Bf5 5. O-O Nbd7 6. Nbd2 e6 7. b3 Bd6 8. Bb2
O-O 9. c4 Qe7 10. a3 a5 11. h3 Ne4 12. Nh4 Nxd2 13. Qxd2 Be4 14. Bxe4 dxe4 15.
d5 cxd5 16. cxd5 Nf6 17. Qg5 h6 18. Qd2 Rfd8 19. dxe6 Bxg3 20. Nf5 Qxe6 21.
Nxh6+ Kh7 22. Qg5 Rd5 23. Nxf7 Qxf7 24. Qxg3 Qh5 25. h4 Rg8 26. Rac1 Qxe2 27.
Be5 Rd3 28. Qg5 Qg4+ 29. Qxg4 Nxg4 30. Rc5 Re8 31. Bf4 Rf8 32. Be3 Rf3 33. Rh5+
Kg8 34. Rxa5 Nxe3 35. fxe3 Rfxe3 36. Rb5 Rxb3 37. Rxb3 Rxb3 38. Re1 Rxa3 39.
Rxe4 Rb3 40. Re7 Kh7 41. Kf2 Kh6 42. Re5 g6 43. Rd5 b5 44. Rc5 b4 45. Rb5 Rb1
46. Kg2 Kg7 47. Rb6 b3 48. Kh2 Kf7 49. Kg2 b2 50. Kh2 Ke7 51. Kg2 Kd7 52. Kh2
Kc7 53. Rb4 Kc6 54. Rb8 Kc5 55. Rc8+ Kd4 56. Rd8+ Ke4 57. Rb8 Kf3 58. Rb4 Ke3
59. Rb8 Kf3 60. Rb3+ Kg4 61. Rb4+ Kh5 62. Kg2 Rc1 63. Rxb2 Kxh4 64. Rb4+ Kh5
65. Rb5+ g5 66. Rb4 Rc3 67. Ra4 1/2-1/2

[Event "Senioren Europa Meister"]
[Site "Saint-Vincent"]
[Date "2001.09.18"]
[Round "4"]
[White "Laco, G."]
[Black "Cibulka, V."]
[Result "1/2-1/2"]
[WhiteElo "2167"]
[BlackElo "2321"]
[PlyCount "128"]

1. c4 Nf6 2. Nc3 c6 3. e4 e5 4. d4 d6 5. d5 Be7 6. Be2 Nbd7 7. Be3 a5 8. f3 O-O
9. g4 Ne8 10. Nh3 Bh4+ 11. Kf1 c5 12. Qd2 Ndf6 13. Nf2 Bd7 14. Kg2 h6 15. a4
Nh7 16. h3 Nc7 17. Rag1 Na6 18. Nd3 Nb4 19. Ne1 Qe7 20. Kh2 Bg5 21. Bxg5 Qxg5
22. Qxg5 hxg5 23. Kg3 g6 24. Kf2 Kg7 25. b3 Rh8 26. Ke3 Nf6 27. Kd2 Rh7 28. Rh2
Rah8 29. Rgh1 Ng8 30. Ng2 f6 31. Ne3 Ne7 32. Nb5 Bxb5 33. cxb5 b6 34. Nc4 Nc8
35. Bf1 Rh4 36. Rg1 Kf7 37. Ne3 Ke8 38. Rgh1 R4h7 39. Rg1 Kd8 40. Rg3 Ne7 41.
Rh1 Kc7 42. Rhg1 Rg8 43. Bc4 Rf8 44. Rh1 Kd7 45. Be2 Rfh8 46. Bf1 Rg7 47. Rhg1
Rf8 48. Bc4 Rgf7 49. Be2 Rh7 50. Bf1 Rh4 51. Ng2 Rhh8 52. Ne3 Rh7 53. Rh1 Rg8
54. Rhg1 Rhg7 55. Bc4 Ke8 56. Be2 Kf7 57. Nc4 Nc8 58. Ne3 Rh7 59. Bf1 Rgh8 60.
Rh1 Kg7 61. Nc4 Kh6 62. Ne3 Rd8 63. Rhg1 Kg7 64. Rh1 Rdh8 1/2-1/2

[Event "Senioren Europa Meister"]
[Site "Saint-Vincent"]
[Date "2001.09.18"]
[Round "4"]
[White "Lieb, H."]
[Black "Vaisman, V."]
[Result "1/2-1/2"]
[WhiteElo "2286"]
[BlackElo "2398"]
[PlyCount "164"]

1. Nf3 d6 2. d4 Nf6 3. c4 g6 4. Nc3 Bg7 5. e4 O-O 6. Be2 c5 7. O-O Na6 8. d5
Nc7 9. h3 e6 10. dxe6 Nxe6 11. Be3 b6 12. Qc2 Bb7 13. Rad1 Qb8 14. Rd2 Re8 15.
Rfd1 Nf8 16. Bd3 N8d7 17. Bf4 a6 18. a4 Bf8 19. Re2 Ne5 20. Nxe5 dxe5 21. Bg5
Be7 22. Qc1 Nh5 23. Bxe7 Rxe7 24. g3 Ng7 25. Nd5 Bxd5 26. cxd5 Ne8 27. a5 Nd6
28. axb6 Qxb6 29. Qe3 Qb4 30. Qg5 Raa7 31. Qf6 c4 32. Bb1 Ne8 33. Qh4 Kg7 34.
f4 Qb6+ 35. Kg2 Qf6 36. d6 Red7 37. Qxf6+ Kxf6 38. Rd5 exf4 39. gxf4 Rab7 40.
Ba2 Rb4 41. Rc5 Kg7 42. e5 c3 43. bxc3 Rxf4 44. Bxf7 Rfxf7 45. e6 Rxd6 46. exf7
Kxf7 47. Rce5 Ng7 48. c4 Nf5 49. Rd5 Rb6 50. Rd7+ Kf6 51. Rc7 Rb3 52. Ra2 Kg5
53. c5 h5 54. c6 Nh4+ 55. Kh2 Nf3+ 56. Kh1 Kh4 57. Kg2 Ne1+ 58. Kf1 Nd3 59. Rc2
Nb4 60. Rc4+ Kg3 61. Rb7 Rf3+ 62. Ke2 Rf2+ 63. Ke3 Rf3+ 64. Kd2 Rf2+ 65. Kc3
Nxc6 66. Rxc6 g5 67. Rxa6 Kxh3 68. Ra5 Rg2 69. Rbb5 h4 70. Rxg5 Kh2 71. Kd3 h3
72. Ke3 Rb2 73. Ra1 Rb3+ 74. Kf4 Rb4+ 75. Kf5 Rb5+ 76. Kg6 Rb6+ 77. Kf7 Rf6+
78. Ke7 Re6+ 79. Kd7 Rd6+ 80. Kc7 Rc6+ 81. Kb7 Rb6+ 82. Ka7 Rb7+ 1/2-1/2

[Event "Senioren Europa Meister"]
[Site "Saint-Vincent"]
[Date "2001.09.18"]
[Round "4"]
[White "Rahls, P."]
[Black "Klovans, J."]
[Result "0-1"]
[WhiteElo "2320"]
[BlackElo "2446"]
[PlyCount "134"]

1. e4 c5 2. c3 Nf6 3. e5 Nd5 4. d4 cxd4 5. cxd4 Nc6 6. Nf3 d6 7. Bc4 Nb6 8. Bb3
dxe5 9. d5 Nb4 10. Nc3 e6 11. Be3 N4xd5 12. Bxb6 Nxb6 13. Qxd8+ Kxd8 14. Nxe5
Ke7 15. O-O-O g6 16. Kb1 Bg7 17. f4 Nd7 18. Nd3 Rd8 19. g4 Bxc3 20. bxc3 b6 21.
Rhe1 Nc5 22. Ne5 Bb7 23. g5 f6 24. gxf6+ Kxf6 25. Bc2 Rac8 26. h4 Rxd1+ 27.
Rxd1 Rc7 28. Rd2 Be4 29. Rd8 Bxc2+ 30. Kxc2 Kf5 31. Rf8+ Ke4 32. Kd2 b5 33. Ng4
Na4 34. Nf2+ Kf3 35. Nd1 Nc5 36. a3 a5 37. Rb8 Rb7 38. Rf8 Rd7+ 39. Kc2 Nd3 40.
Ra8 a4 41. c4 bxc4 42. Rxa4 Rc7 43. Kc3 Nxf4 44. Rxc4 Ra7 45. a4 e5 46. Kb4 e4
47. Kb5 e3 48. Nc3 e2 49. Nxe2 Nxe2 50. Kb6 Ra8 51. a5 Nf4 52. a6 h5 53. Kb7
Rxa6 54. Kxa6 Kg3 55. Kb5 Ng2 56. Rc6 Nxh4 57. Kc4 g5 58. Rh6 Kg4 59. Kd3 Nf5
60. Rh8 h4 61. Ke2 Kg3 62. Kf1 Kh2 63. Rg8 g4 64. Ke2 g3 65. Kf3 h3 66. Rg5 g2
67. Kf2 Nd6 0-1

[Event "Senioren Europa Meister"]
[Site "Saint-Vincent"]
[Date "2001.09.18"]
[Round "4"]
[White "Nussberger, P."]

[Black "Labarthe, A."]
[Result "1/2-1/2"]
[WhiteElo "1707"]
[BlackElo "2000"]
[PlyCount "105"]

1. Nf3 Nc6 2. d4 d5 3. e3 Bg4 4. Nbd2 e6 5. a3 Bd6 6. c4 Nf6 7. c5 Be7 8. Bb5
O-O 9. Qa4 Nb8 10. Qc2 Bf5 11. Bd3 Bxd3 12. Qxd3 Nbd7 13. b4 c6 14. Rb1 Qc7 15.
Bb2 a5 16. b5 e5 17. b6 Qc8 18. Nxe5 Nxe5 19. dxe5 Nd7 20. Bd4 Nxc5 21. Bxc5
Bxc5 22. Qc3 Be7 23. O-O f6 24. exf6 Bxf6 25. Qd3 Rd8 26. Rfc1 c5 27. Rb5 c4
28. Qe2 Qe6 29. Qf3 Be7 30. Nb1 Qc6 31. a4 Bb4 32. Nc3 Bxc3 33. Rxc3 d4 34.
exd4 Rxd4 35. h3 Qxf3 36. gxf3 h6 37. Kg2 Ra6 38. Kg3 Rd6 39. Rxc4 Rdxb6 40.
Rcc5 Rg6+ 41. Kf4 b6 42. Rc8+ Kh7 43. Rb8 Rc6 44. Re5 Ra7 45. Rf8 Rac7 46. h4
Rc4+ 47. Re4 Kg6 48. Rf5 R7c5 49. h5+ Kh7 50. Kg4 Rxf5 51. Kxf5 Rb4 52. Ke5 g5
53. Kf6 1/2-1/2

[Event "Senioren Europa Meister"]
[Site "Saint-Vincent"]
[Date "2001.09.22"]
[Round "8"]
[White "Tatai, S."]
[Black "Csom, I."]
[Result "1-0"]
[WhiteElo "2350"]
[BlackElo "2415"]
[PlyCount "109"]

1. e4 c5 2. Nf3 a6 3. c3 d5 4. exd5 Qxd5 5. d4 e6 6. Be3 cxd4 7. Qxd4 Nf6 8.
Nbd2 Qxd4 9. Bxd4 Nc6 10. Bxf6 gxf6 11. Nc4 Rb8 12. Nb6 Bc5 13. Nxc8 Rxc8 14.
Rd1 Ke7 15. Be2 f5 16. O-O Rhd8 17. Rxd8 Rxd8 18. Rd1 Rc8 19. Kf1 Rc7 20. Rd3
h6 21. Ke1 Bd6 22. Nd4 Be5 23. Nb3 Nb8 24. Rh3 Bg7 25. Rh4 Nd7 26. Rb4 b6 27.
Rh4 a5 28. Bb5 Ne5 29. h3 Ng6 30. Ra4 Be5 31. g3 Bf6 32. f4 Kd6 33. Nd2 Ne7 34.
Rc4 Nd5 35. Rxc7 Nxc7 36. Be2 Bd8 37. Nc4+ Kc5 38. Ne5 Be7 39. Nxf7 Bf8 40. a4
Bg7 41. Kd2 Nd5 42. Bf3 Ne7 43. Kd3 Nc8 44. b3 Na7 45. g4 fxg4 46. Bxg4 b5 47.
Nd8 Bf6 48. Nxe6+ Kd6 49. axb5 Nxb5 50. c4 Nc7 51. c5+ Kc6 52. Bf3+ Kd7 53.
Nxc7 Kxc7 54. Ke4 Bh4 55. Kd5 1-0

[Event "Senioren Europa Meister"]
[Site "Saint-Vincent"]
[Date "2001.09.22"]
[Round "8"]
[White "Murey, J."]
[Black "Lapienis, D."]
[Result "1-0"]
[WhiteElo "2480"]
[BlackElo "2311"]
[PlyCount "51"]

1. b3 Nf6 2. Bb2 g6 3. f4 Bg7 4. Nf3 O-O 5. e3 d6 6. Be2 e5 7. fxe5 Nfd7 8. O-O
Nc6 9. d4 dxe5 10. d5 Ne7 11. e4 b6 12. Nbd2 Bb7 13. Qe1 Nc8 14. Qg3 f6 15. h4
Bh6 16. h5 Be3+ 17. Kh1 Bf4 18. Qh3 Nc5 19. g3 Bxd2 20. Nxd2 g5 21. b4 Na4 22.
Qe6+ Kh8 23. Bxe5 fxe5 24. Qxe5+ Kg8 25. Bg4 Nd6 26. Be6+ 1-0

[Event "Senioren Europa Meister"]
[Site "Saint-Vincent"]
[Date "2001.09.22"]
[Round "8"]
[White "Vucenovic, D."]
[Black "Arkhangelsky, B."]
[Result "1-0"]
[WhiteElo "2275"]
[BlackElo "2416"]
[PlyCount "97"]

1. d4 d5 2. g3 Nf6 3. Bg2 c5 4. e3 Nc6 5. Nf3 Bg4 6. c3 e6 7. O-O Bd6 8. Qb3
Qe7 9. c4 dxc4 10. Qxc4 O-O 11. Nc3 a6 12. Ne5 Bxe5 13. Bxc6 cxd4 14. exd4 Bd6
15. Bg2 h6 16. Qb3 Rab8 17. Re1 Qd7 18. Ne4 Nxe4 19. Bxe4 a5 20. Bd2 Bc7 21.
Be3 a4 22. Qb4 f5 23. Bg2 f4 24. Bd2 Qf7 25. f3 Bf5 26. Bxf4 Bxf4 27. gxf4 Rbc8
28. Rac1 Qd7 29. b3 axb3 30. axb3 Rfd8 31. Kf2 Rxc1 32. Rxc1 Qxd4+ 33. Qxd4
Rxd4 34. Kg3 Rd3 35. b4 Rd4 36. b5 Rd7 37. Bf1 Kf8 38. b6 g5 39. fxg5 hxg5 40.
Rc7 e5 41. Bh3 Bxh3 42. Kxh3 Rf7 43. Kg4 Rf4+ 44. Kxg5 Rxf3 45. Rxb7 Rb3 46.
Kf6 Kg8 47. Kxe5 Rb2 48. Kd6 Rb1 49. Rb8+ 1-0

[Event "Senioren Europa Meister"]
[Site "Saint-Vincent"]
[Date "2001.09.22"]
[Round "8"]
[White "Klovans, J."]
[Black "Khanukov, B."]
[Result "1-0"]
[WhiteElo "2446"]
[BlackElo "2313"]
[PlyCount "81"]

1. e4 e5 2. Nf3 Nc6 3. Bb5 a6 4. Ba4 Nf6 5. O-O Be7 6. Re1 b5 7. Bb3 d6 8. c3
O-O 9. h3 Na5 10. Bc2 c5 11. d4 Bb7 12. Nbd2 cxd4 13. cxd4 exd4 14. Nxd4 Re8
15. b3 Nc6 16. Bb2 Nxd4 17. Bxd4 Nd7 18. Nf3 Bf6 19. Rc1 Ne5 20. Nh2 Bg5 21.
Be3 Bxe3 22. Rxe3 Qb6 23. Bb1 Rad8 24. Qe2 Ng6 25. Nf1 Re6 26. Rd1 Rde8 27. Qd2
Bxe4 28. Bxe4 Rxe4 29. Qxd6 Qb7 30. Rxe4 Rxe4 31. Qd8+ Nf8 32. Ne3 Qe7 33. Qc8
Qe6 34. Qa8 Rxe3 35. fxe3 Qxe3+ 36. Kh1 g6 37. Qxa6 Qe2 38. Rg1 Ne6 39. a4 Nd4
40. Qc8+ Kg7 41. Qc3 1-0

[Event "Senioren Europa Meister"]
[Site "Saint-Vincent"]
[Date "2001.09.22"]
[Round "8"]
[White "Lieb, H."]
[Black "Cibulka, V."]
[Result "1/2-1/2"]
[WhiteElo "2286"]
[BlackElo "2321"]
[PlyCount "178"]

1. Nf3 d5 2. d4 c6 3. c4 Nf6 4. Nc3 g6 5. cxd5 cxd5 6. Bf4 Nc6 7. e3 Bg7 8. Ne5
O-O 9. Be2 Nd7 10. Nxd7 Qxd7 11. O-O b6 12. Qb3 Rd8 13. Rac1 Bb7 14. Rfd1 Na5
15. Qc2 Rac8 16. b3 e6 17. Qd2 Bf8 18. Qb2 Be7 19. Rc2 Qe8 20. Nb5 Rxc2 21.
Qxc2 Nc6 22. a3 Rc8 23. Qb2 Qf8 24. b4 a6 25. Nc3 b5 26. Nb1 Ra8 27. Bc7 Rc8
28. Bb6 Qh6 29. Bc5 Bf6 30. f4 g5 31. g3 gxf4 32. exf4 Kh8 33. Bf3 Rg8 34. Bg2
Qg6 35. Nc3 h5 36. Qb1 Qg4 37. Qd3 h4 38. Kf2 Rg7 39. Ne2 Kg8 40. Rg1 hxg3+ 41.
hxg3 Rh7 42. Rh1 Rxh1 43. Bxh1 Kg7 44. Bf3 Qh3 45. Ng1 Qh2+ 46. Bg2 Qh5 47. Nf3
Qg4 48. Bd6 Qg6 49. Qxg6+ Kxg6 50. Ke3 Bd8 51. Nd2 f5 52. Nb3 Bc8 53. Bf1 Bb6
54. Be2 Bd7 55. Nc5 Bc8 56. Nb3 Bd7 57. Bc5 Bd8 58. Nc1 Bc8 59. Nd3 Bc7 60. Bd1
Bd7 61. a4 bxa4 62. Bxa4 Nb8 63. Bd1 Bb5 64. Ne5+ Bxe5 65. fxe5 Nc6 66. g4 Kg5
67. gxf5 Kxf5 68. Bh5 a5 69. bxa5 Nxa5 70. Kf3 Bd7 71. Bg4+ Kg5 72. Be7+ Kg6
73. Kf4 Nc6 74. Bc5 Nd8 75. Be2 Nf7 76. Bd3+ Kh5 77. Bf8 Ng5 78. Be7 Ne4 79.
Be2+ Kg6 80. Bd8 Nc3 81. Bf3 Ne4 82. Kg4 Nf2+ 83. Kh4 Ne4 84. Kg4 Nf2+ 85. Kf4
Ne4 86. Bg4 Nf2 87. Be2 Ne4 88. Bd3 Kh5 89. Be2+ Kg6 1/2-1/2